Vrai ou Fausse Guerre - Mort Subite - Statistiques

Statistiques générales
  • Ce quiz a été pris 108 fois
    106 depuis la dernière actualisation
  • Le résultat moyen est 6 sur 13
Answers on the Grid
Answers color-coded by a green-red scale on the quiz's grid according to % correct below.
1ère Guerre Mondiale
Guerre des Barons
Guerre de Lorette
Guerre de Corée
Guerre de l'Argent
Guerre de la Vache
Guerre de la Pierre
2ème Guerre Mondiale
Guerre de l’Oreille de Jenkins
Guerre de la Chandelle
Guerre de la Confrérie
3ème Guerre Mondiale
Guerre du Fer Rouge
Guerres Puniques
Guerre du Chioggia
Guerre des Trois Provinces
Guerre de Troie
Guerre du Traité Brisé
Guerre du Rif
Guerre de Trente Ans
Guerre du Cochon
Guerre de la Barbe
Guerre du Dernier Fief
Guerre des Sept Bannières
Guerre du Péloponnèse
Guerre de la Châtaigne
Guerre du Pâté
Guerre de la Marche Orientale
Guerre du Haut-Domaine
Guerre du Trône
 
Statistiques - réponses
Réponse % Correct
1ère Guerre Mondiale
85%
2ème Guerre Mondiale
80%
Guerre de Corée
75%
Guerre du Péloponnèse
68%
Guerre de Troie
65%
Guerre de Trente Ans
64%
Guerres Puniques
52%
Guerre du Rif
36%
Guerre du Cochon
19%
Guerre des Barons
12%
Guerre de la Vache
11%
Guerre du Chioggia
7%
Guerre de l’Oreille de Jenkins
2%
Aucun quiz correspondant
Distribution des résultats
% des personnes avec chaque résultat
Percentile par nombre de réponses
Votre historique - résultats
Vous n’avez pas pris ce quiz depuis la dernière actualisation